000 00637nam a22002417a 4500
001 31664
003 UA-OsUOA
005 20210917225127.0
007 ta
008 20050110b un ||||| |||| 00| 0 ukr d
040 _aUA-OsUOA
_brus
_cUA-OsUOA
_dUA-OsUOA
041 _arus
044 _aRU
080 _a94(439)
090 _a94(439)
_bИ90
245 _aИстория Венгрии в трех томах
_cред. А. И. Пушкаш, И. М. Гранчак, В. А. Крючков
260 _aМосква
_bНаука
_c1972
300 _a968 с.
505 _gТ. III
650 7 _2UDC
942 _cBK
_2udc
955 _a0
999 _c318093
_d318093